LEADER 01172nam0 22002651i 450 001 UON00190366 005 20231205103212.193 100 $a20030730d1912 |0itac50 ba 101 $aeng 102 $aGB 105 $a|||| 1|||| 200 1 $aˆThe ‰poetical works of Samuel Taylor Coleridge$eincluding poems and versions of poems now published for the first time$fedited with textual and bibliographical notes by Ernest Hartley Coleridge 210 $aLondon$cOxford University Press$d1912 215 $axxii, 1072 p.$d20 cm. 620 $aGB$dLondon$3UONL003044 676 $a820$cLetteratura inglese e antico inglese$v21 700 1$aCOLERIDGE$bSamuel Taylor$3UONV111877$0163475 702 1$aCOLERIDGE$bErnest Hartley$3UONV111902 712 $aOxford University Press$3UONV245947$4650 801 $aIT$bSOL$c20240220$gRICA 899 $aSIBA - SISTEMA BIBLIOTECARIO DI ATENEO$2UONSI 912 $aUON00190366 950 $aSIBA - SISTEMA BIBLIOTECARIO DI ATENEO$dSI Angl IV A COL 17 $eSI MR 9046 5 17 996 $aPoetical works of Samuel Taylor Coleridge$91293177 997 $aUNIOR